Szczegóły MARC21

Cztery wieki fraszki polskiej /

003 -Nazwa inst., której nr kontr. jest w polu 001 [,]
    • @
    • Nazwa instytucji, której n kontrolny jest w polu 001
    • NUKAT
005 -DATA I CZAS OSTATNIEJ MODYFIKACJI [,]
    • @
    • pole kontrolne
    • 20241231104231.0
040 -Instytucja sporządzająca opis [ , ]
    • a
    • Instytucja, która sporządziła opis (NP)
    • GD U/TZ
    • c
    • Instytucja, która sporządziła rekord (NP)
    • GD U/TZ
    • d
    • Instytucja, która zmodyfikowała rekord (P)
    • GD U/TZ
    • d
    • Instytucja, która zmodyfikowała rekord (P)
    • GD U/ISSs
    • d
    • Instytucja, która zmodyfikowała rekord (P)
    • KR PAU/ynk
    • d
    • Instytucja, która zmodyfikowała rekord (P)
    • WA U/DK
942 -Rodzaj dokumentu [ , ]
    • c
    • Rodzaj dokumentu
    • Książka
245 -Strefa tytułu i oznaczenia odpowiedzialności [0,0]
    • a
    • Tytuł
    • Cztery wieki fraszki polskiej / Find
    • c
    • Pozostałe elementy strefy tytułu i oznaczenia odpowiedzialności (NP)
    • wybór i wstęp Juliana Tuwima ; przedm. Aleksandra Brücknera.
260 -Strefa adresu wydawniczego [ , ]
    • a
    • Miejsce wydania (P)
    • Warszawa :
    • b
    • Nazwa wydawcy (P)
    • Spółdzielnia Wydawnicza Czytelnik,
    • c
    • Data wydania (P)
    • 1957.
300 -Strefa opisu fizycznego [ , ]
    • a
    • Określenie formy książki i/lub objętość (NP)
    • XXXI, [1], 531 s. :
    • b
    • Oznaczenie ilustracji (NP)
    • il. ;
    • c
    • Format (NP)
    • 22 cm.
336 -Typ zawartości [ , ]
    • a
    • Termin opisujący typ zawartości
    • Tekst
    • b
    • Kod określający zawartość
    • txt
    • 2
    • Źródło (terminu i kodu)
    • rdacontent
337 -Typ mediów [ , ]
    • a
    • Tryb odtwarzania
    • Bez urządzenia pośredniczącego
    • b
    • Kod typu mediów
    • n
    • 2
    • Źródło (terminu i kodu)
    • rdamedia
338 -Typ/rodzaj nośnika [ , ]
    • a
    • Hasło opisujące typ nośnika
    • Wolumin
    • b
    • Kod typu nośnika
    • nc
    • 2
    • Źródło (terminu i kodu)
    • rdacarrier
504 -Uwaga dot. bibliogr. załącznikowej [ , ]
    • a
    • Uwaga dot. bibliografii załącznikowej
    • Indeksy.
530 -Uwaga dot. innej postaci fizycznej dokumentu [ , ]
    • a
    • Uwaga dot. innej postaci fizycznej dokumentu
    • Dostępne również w formie elektronicznej.
655 -Hasło w funkcji tematu formalnego [ ,7]
    • a
    • Hasło
    • Fraszki
    • v
    • Określnik formy
    • antologie.
    • 2
    • Źródło terminu
    • kaba
    • 9
    • KHW
    • 448580
700 -Hasło dodatkowe - nazwa osobowa [1, ]
    • a
    • Nazwa osobowa (NP)
    • Tuwim, Julian Find
    • d
    • Daty biograficzne (NP)
    • (1894-1953).
    • e
    • Określenie rodzaju współpracy
    • Wybór
    • 9
    • KHW
    • 62712
700 -Hasło dodatkowe - nazwa osobowa [1, ]
    • a
    • Nazwa osobowa (NP)
    • Brückner, Aleksander Find
    • d
    • Daty biograficzne (NP)
    • (1856-1939).
    • e
    • Określenie rodzaju współpracy
    • Przedm.
    • 9
    • KHW
    • 24979
710 -Hasło dodatkowe - nazwa ciała zbiorowego [2, ]
    • a
    • Nazwa ciała zbiorowego lub nazwa geograficzna jako pierwszy element (NP)
    • Spółdzielnia Wydawnicza "Czytelnik".
    • 4
    • Kod relacji
    • pbl
    • 9
    • KHW
    • 52317
856 -Dostęp do wersji elektronicznej [4,1]
Sygnatura Numer inwentarzowy Status udost. Data inwentaryzacji Lokalizacja
Z.25393Z.2539312002-10-24BG
 JK.3412002-11-12BG
 SN.8894-3 BG